000 00609nam a2200265Ia 4500
005 20260306153130.0
008 008 260114s9999 xx 000 0 eng d
020 _a9780511753824
037 _aEBOOK
040 _aCRL
040 _beng
040 _cCRL
041 _2eng
041 _aeng
084 _qCRL
100 _aMeyer
245 0 _aRethinking Performance Measurement
250 _a1st ed
260 _bCambridge University Press
260 _c2010
650 _aCommerce
856 _uhttps://doi.org/10.1017/CBO9780511753824
942 _cEBOOK
999 _c1702292
_d1702292